村にある駅(1995年) - Statistics

General Stats
  • This quiz has been taken 8 times
  • The average score is 82 of 349
Answer Stats
都道府県 駅名 % Correct
北海道 中川郡音威子府村 音威子府
100%
北海道 勇払郡占冠村 占冠
67%
北海道 勇払郡占冠村 トマム
67%
北海道 中川郡音威子府村 天塩川温泉
67%
青森県 南津軽郡碇ケ関村 碇ヶ関
67%
岩手県 下閉伊郡田野畑村 田野畑
67%
岩手県 下閉伊郡普代村 普代
67%
岩手県 九戸郡野田村 陸中野田
67%
茨城県 那珂郡東海村 東海
67%
富山県 中新川郡舟橋村 越中舟橋
67%
福井県 大野郡和泉村 九頭竜湖
67%
長野県 上伊那郡宮田村 宮田
67%
長野県 下伊那郡天龍村 平岡
67%
長野県 木曽郡木祖村 藪原
67%
長野県 木曽郡大桑村 大桑
67%
長野県 北安曇郡小谷村 北小谷
67%
長野県 北安曇郡小谷村 南小谷
67%
鳥取県 東伯郡泊村
67%
岡山県 英田郡西粟倉村 西粟倉
67%
北海道 中川郡音威子府村 筬島
50%
北海道 紋別郡白滝村 旧白滝
50%
北海道 紋別郡白滝村 白滝
50%
青森県 東津軽郡蓬田村 蓬田
50%
青森県 西津軽郡森田村 陸奥森田
50%
青森県 西津軽郡岩崎村 陸奥岩崎
50%
青森県 南津軽郡田舎館村 田舎館
50%
青森県 南津軽郡田舎館村 川部
50%
岩手県 東磐井郡川崎村 陸中門崎
50%
岩手県 下閉伊郡川井村 陸中川井
50%
福島県 西白河郡西郷村 新白河
50%
福島県 西白河郡泉崎村 泉崎
50%
茨城県 真壁郡大和村 大和
50%
群馬県 吾妻郡嬬恋村 大前
50%
群馬県 吾妻郡嬬恋村 万座・鹿沢口
50%
千葉県 長生郡長生村 八積
50%
新潟県 西蒲原郡弥彦村 弥彦
50%
新潟県 岩船郡関川村 越後大島
50%
新潟県 岩船郡関川村 越後下関
50%
福井県 大野郡和泉村 越前下山
50%
長野県 南佐久郡川上村 信濃川上
50%
長野県 下伊那郡天龍村 中井侍
50%
長野県 木曽郡楢川村 贄川
50%
長野県 木曽郡大桑村 須原
50%
長野県 北安曇郡白馬村 白馬
50%
長野県 北安曇郡小谷村 白馬大池
50%
長野県 下水内郡栄村 森宮野原
50%
岐阜県 揖斐郡谷汲村 谷汲
50%
岐阜県 本巣郡根尾村 樽見
50%
岐阜県 吉城郡宮川村 打保
50%
三重県 度会郡大内山村 大内山
50%
三重県 南牟婁郡鵜殿村 鵜殿
50%
京都府 相楽郡南山城村 月ヶ瀬口
50%
奈良県 高市郡明日香村 飛鳥
50%
鳥取県 岩美郡福部村 福部
50%
岡山県 英田郡西粟倉村 あわくら温泉
50%
徳島県 三好郡西祖谷山村 大歩危
50%
高知県 高岡郡日高村 日下
50%
高知県 幡多郡十和村 土佐昭和
50%
熊本県 阿蘇郡白水村 南阿蘇水の生まれる里白水高原
50%
北海道 中川郡音威子府村 咲来
33%
北海道 紋別郡白滝村 奥白滝
33%
北海道 紋別郡白滝村 上白滝
33%
北海道 紋別郡白滝村 下白滝
33%
青森県 東津軽郡三厩村 三厩
33%
青森県 南津軽郡常盤村 北常盤
33%
岩手県 岩手郡滝沢村 滝沢
33%
岩手県 岩手郡玉山村 好摩
33%
岩手県 上閉伊郡宮守村 宮守
33%
岩手県 下閉伊郡新里村 蟇目
33%
岩手県 下閉伊郡川井村 区界
33%
岩手県 九戸郡野田村 野田玉川
33%
山形県 最上郡鮭川村 羽前豊里
33%
山形県 最上郡戸沢村 古口
33%
福島県 河沼郡湯川村 笈川
33%
茨城県 鹿島郡大洋村 大洋
33%
埼玉県 秩父郡荒川村 白久
33%
埼玉県 秩父郡荒川村 三峰口
33%
新潟県 北蒲原郡加治川村 加治
33%
新潟県 西蒲原郡岩室村 岩室
33%
新潟県 北魚沼郡広神村 魚沼田中
33%
新潟県 北魚沼郡守門村 越後須原
33%
新潟県 北魚沼郡入広瀬村 入広瀬
33%
新潟県 北魚沼郡入広瀬村 大白川
33%
新潟県 刈羽郡刈羽村 刈羽
33%
富山県 婦負郡細入村 猪谷
33%
富山県 婦負郡細入村 楡原
33%
山梨県 北巨摩郡大泉村 甲斐大泉
33%
長野県 南佐久郡南牧村 佐久海ノ口
33%
長野県 南佐久郡南牧村 佐久広瀬
33%
長野県 南佐久郡南牧村 野辺山
33%
長野県 上伊那郡南箕輪村 北殿
33%
長野県 上伊那郡南箕輪村 田畑
33%
長野県 下伊那郡天龍村 為栗
33%
長野県 下伊那郡泰阜村 門島
33%
長野県 下伊那郡泰阜村 唐笠
33%
長野県 下伊那郡泰阜村 田本
33%
長野県 下伊那郡泰阜村 温田
33%
長野県 木曽郡楢川村 木曽平沢
33%
長野県 木曽郡楢川村 奈良井
33%
長野県 木曽郡日義村 原野
33%
長野県 木曽郡日義村 宮ノ越
33%
長野県 木曽郡大桑村 野尻
33%
長野県 東筑摩郡本城村 西条
33%
長野県 東筑摩郡麻績村 聖高原
33%
長野県 北安曇郡松川村 信濃松川
33%
長野県 北安曇郡白馬村 神城
33%
長野県 北安曇郡白馬村 信濃森上
33%
長野県 北安曇郡小谷村 中土
33%
長野県 上水内郡牟礼村 牟礼
33%
岐阜県 揖斐郡谷汲村 谷汲口
33%
岐阜県 大野郡宮村 飛騨一ノ宮
33%
岐阜県 吉城郡河合村 角川
33%
岐阜県 吉城郡宮川村 坂上
33%
岐阜県 吉城郡宮川村 杉原
33%
三重県 一志郡美杉村 伊勢奥津
33%
三重県 一志郡美杉村 伊勢鎌倉
33%
三重県 一志郡美杉村 伊勢八知
33%
三重県 一志郡美杉村 比津
33%
三重県 度会郡大内山村 梅ヶ谷
33%
京都府 相楽郡南山城村 大河原
33%
奈良県 宇陀郡室生村 三本松
33%
奈良県 宇陀郡室生村 室生口大野
33%
島根県 邑智郡大和村
33%
島根県 邑智郡羽須美村 宇都井
33%
島根県 邑智郡羽須美村 作木口
33%
岡山県 都窪郡清音村 清音
33%
広島県 山県郡筒賀村 筒賀
33%
広島県 双三郡作木村 伊賀和志
33%
広島県 双三郡作木村 香淀
33%
高知県 高岡郡日高村 岡花
33%
高知県 幡多郡十和村 十川
33%
高知県 幡多郡西土佐村 江川崎
33%
高知県 幡多郡西土佐村 西ヶ方
33%
高知県 幡多郡西土佐村 半家
33%
福岡県 朝倉郡宝珠山村 大行司
33%
熊本県 阿蘇郡波野村 波野
33%
熊本県 阿蘇郡白水村 長陽
33%
熊本県 阿蘇郡長陽村 立野
33%
熊本県 八代郡坂本村 坂本
33%
熊本県 八代郡坂本村
33%
熊本県 八代郡坂本村 葉木
33%
熊本県 球磨郡球磨村 一勝地
33%
熊本県 球磨郡球磨村 球泉洞
33%
青森県 東津軽郡蓬田村 郷沢
17%
青森県 東津軽郡蓬田村 瀬辺地
17%
青森県 東津軽郡三厩村 竜飛海底
17%
青森県 西津軽郡岩崎村 十二湖
17%
青森県 南津軽郡碇ケ関村 津軽湯の沢
17%
青森県 上北郡天間林村
17%
青森県 上北郡天間林村 天間林
17%
岩手県 岩手郡滝沢村 大釜
17%
岩手県 岩手郡滝沢村 小岩井
17%
岩手県 岩手郡松尾村 松尾八幡平
17%
岩手県 岩手郡玉山村 渋民
17%
岩手県 東磐井郡室根村 折壁
17%
岩手県 東磐井郡室根村 新月
17%
岩手県 上閉伊郡宮守村 鱒沢
17%
岩手県 下閉伊郡普代村 白井海岸
17%
岩手県 下閉伊郡普代村 堀内
17%
岩手県 下閉伊郡新里村 岩手和井内
17%
岩手県 下閉伊郡新里村 押角
17%
岩手県 下閉伊郡新里村 茂市
17%
岩手県 下閉伊郡川井村 川内
17%
岩手県 下閉伊郡川井村 箱石
17%
岩手県 下閉伊郡川井村 平津戸
17%
岩手県 下閉伊郡川井村 松草
17%
秋田県 仙北郡西木村 羽後長戸呂
17%
秋田県 仙北郡西木村 西明寺
17%
秋田県 仙北郡西木村 戸沢
17%
秋田県 仙北郡西木村 松葉
17%
秋田県 仙北郡西木村 八津
17%
秋田県 仙北郡仙南村 飯詰
17%
秋田県 仙北郡仙南村 後三年
17%
山形県 最上郡戸沢村 高屋
17%
山形県 最上郡戸沢村 津谷
17%
福島県 耶麻郡高郷村 荻野
17%
福島県 石川郡玉川村 泉郷
17%
福島県 石川郡玉川村 川辺沖
17%
茨城県 鹿島郡旭村 鹿島旭
17%
茨城県 鹿島郡旭村 涸沼
17%
茨城県 鹿島郡大洋村 北浦湖畔
17%
茨城県 鹿島郡大野村 鹿島大野
17%
茨城県 鹿島郡大野村 鹿島灘
17%
茨城県 新治郡玉里村 玉里
17%
茨城県 新治郡玉里村 常陸小川
17%
茨城県 結城郡千代川村 宗道
17%
栃木県 塩谷郡栗山村 湯西川温泉
17%
群馬県 勢多郡赤城村 敷島
17%
群馬県 勢多郡赤城村 津久田
17%
群馬県 勢多郡新里村 新里
17%
群馬県 勢多郡黒保根村 水沼
17%
群馬県 勢多郡東村 沢入
17%
群馬県 勢多郡東村 花輪
17%
群馬県 北群馬郡小野上村 小野上
17%
群馬県 北群馬郡小野上村 小野上温泉
17%
群馬県 吾妻郡嬬恋村 袋倉
17%
群馬県 佐波郡東村 国定
17%
埼玉県 比企郡都幾川村 明覚
17%
埼玉県 秩父郡荒川村 武州中川
17%
埼玉県 秩父郡荒川村 武州日野
17%
新潟県 北蒲原郡京ヶ瀬村 京ヶ瀬
17%
新潟県 北蒲原郡加治川村 金塚
17%
新潟県 西蒲原郡弥彦村 矢作
17%
新潟県 東蒲原郡三川村 東下条
17%
新潟県 東蒲原郡三川村 三川
17%
新潟県 三島郡和島村 小島谷
17%
新潟県 三島郡和島村 妙法寺
17%
新潟県 北魚沼郡広神村 越後広瀬
17%
新潟県 北魚沼郡広神村 藪神
17%
新潟県 北魚沼郡守門村 上条
17%
新潟県 北魚沼郡入広瀬村 柿ノ木
17%
新潟県 中魚沼郡中里村 越後田沢
17%
新潟県 刈羽郡刈羽村 荒浜
17%
新潟県 中頸城郡妙高村 関山
17%
新潟県 岩船郡関川村 越後片貝
17%
新潟県 岩船郡関川村 越後金丸
17%
新潟県 岩船郡神林村 岩船町
17%
新潟県 岩船郡神林村 平林
17%
福井県 吉田郡上志比村 越前竹原
17%
福井県 吉田郡上志比村 越前野中
17%
福井県 吉田郡上志比村 小舟渡
17%
福井県 吉田郡上志比村 山王
17%
山梨県 東山梨郡大和村 甲斐大和
17%
長野県 南佐久郡八千穂村 八千穂
17%
長野県 上伊那郡中川村 伊那田島
17%
長野県 下伊那郡天龍村 伊那小沢
17%
長野県 下伊那郡天龍村 鶯巣
17%
長野県 東筑摩郡坂北村 坂北
17%
長野県 東筑摩郡坂井村 冠着
17%
長野県 北安曇郡松川村 北細野
17%
長野県 北安曇郡松川村 細野
17%
長野県 北安曇郡白馬村 飯森
17%
長野県 北安曇郡白馬村 南神城
17%
長野県 北安曇郡小谷村 千国
17%
長野県 下水内郡豊田村 替佐
17%
長野県 下水内郡栄村 信濃白鳥
17%
岐阜県 揖斐郡谷汲村 赤石
17%
岐阜県 揖斐郡谷汲村 高科
17%
岐阜県 揖斐郡谷汲村 長瀬
17%
岐阜県 本巣郡根尾村 高尾
17%
岐阜県 本巣郡根尾村 水鳥
17%
岐阜県 郡上郡美並村 赤池
17%
岐阜県 郡上郡美並村 大矢
17%
岐阜県 郡上郡美並村 木尾
17%
岐阜県 郡上郡美並村 母野
17%
岐阜県 郡上郡美並村 深戸
17%
岐阜県 郡上郡美並村 福野
17%
岐阜県 郡上郡美並村 美並苅安
17%
静岡県 磐田郡豊岡村 上野部
17%
静岡県 磐田郡豊岡村 敷地
17%
静岡県 磐田郡豊岡村 豊岡
17%
三重県 一志郡美杉村 伊勢竹原
17%
三重県 阿山郡島ヶ原村 島ヶ原
17%
島根県 邑智郡大和村 石見都賀
17%
島根県 邑智郡大和村 石見松原
17%
島根県 邑智郡羽須美村 口羽
17%
島根県 邑智郡羽須美村 江平
17%
広島県 山県郡筒賀村 田之尻
17%
福岡県 朝倉郡宝珠山村 筑前岩屋
17%
福岡県 朝倉郡宝珠山村 宝珠山
17%
福岡県 田川郡赤村 内田
17%
福岡県 田川郡赤村 油須原
17%
熊本県 阿蘇郡白水村 阿蘇白川
17%
熊本県 阿蘇郡白水村 中松
17%
熊本県 球磨郡球磨村
17%
大分県 南海部郡直川村 直川
17%
大分県 南海部郡直川村 直見
17%
大分県 大野郡清川村 豊後清川
17%
青森県 東津軽郡三厩村 青函トンネル記念館
0%
青森県 東津軽郡三厩村 体験坑道
0%
青森県 西津軽郡森田村 越水
0%
青森県 西津軽郡森田村 中田
0%
青森県 西津軽郡岩崎村 大間越
0%
青森県 西津軽郡岩崎村 松神
0%
青森県 西津軽郡岩崎村 陸奥黒崎
0%
青森県 西津軽郡岩崎村 陸奥沢辺
0%
青森県 南津軽郡田舎館村 前田屋敷
0%
青森県 上北郡天間林村 後平
0%
青森県 上北郡天間林村 坪川
0%
青森県 上北郡天間林村 中野
0%
青森県 上北郡天間林村 道ノ上
0%
青森県 三戸郡福地村 苫米地
0%
岩手県 岩手郡松尾村 安比高原
0%
岩手県 岩手郡松尾村 北森
0%
岩手県 東磐井郡室根村 矢越
0%
岩手県 上閉伊郡宮守村 荒谷前
0%
岩手県 上閉伊郡宮守村 岩根橋
0%
岩手県 上閉伊郡宮守村 柏木平
0%
岩手県 下閉伊郡田野畑村 島越
0%
岩手県 下閉伊郡新里村 岩手刈谷
0%
岩手県 下閉伊郡新里村 中里
0%
岩手県 下閉伊郡新里村 腹帯
0%
岩手県 九戸郡野田村 十府ヶ浦
0%
秋田県 山本郡峰浜村 沢目
0%
秋田県 仙北郡西木村 羽後中里
0%
秋田県 仙北郡西木村 上桧木内
0%
秋田県 仙北郡西木村 左通
0%
秋田県 平鹿郡山内村 相野々
0%
秋田県 平鹿郡山内村 黒沢
0%
秋田県 平鹿郡山内村 小松川
0%
秋田県 平鹿郡山内村 平石
0%
秋田県 平鹿郡山内村 矢美津
0%
福島県 北会津郡北会津村 会津本郷
0%
福島県 大沼郡新鶴村 新鶴
0%
福島県 大沼郡新鶴村 根岸
0%
茨城県 鹿島郡大野村 荒野台
0%
茨城県 鹿島郡大野村 長者ヶ浜潮騒はまなす公園前
0%
茨城県 新治郡玉里村 四箇村
0%
茨城県 新治郡玉里村 新高浜
0%
茨城県 筑波郡谷和原村 小絹
0%
群馬県 勢多郡粕川村 新屋
0%
群馬県 勢多郡粕川村 粕川
0%
群馬県 勢多郡粕川村 北原
0%
群馬県 勢多郡粕川村
0%
群馬県 勢多郡新里村 新川
0%
群馬県 勢多郡新里村 東新川
0%
群馬県 勢多郡黒保根村 本宿
0%
群馬県 勢多郡東村 神戸
0%
群馬県 勢多郡東村 小中
0%
群馬県 邑楽郡明和村 川俣
0%
埼玉県 秩父郡荒川村 浦山口
0%
新潟県 北蒲原郡笹神村 神山
0%
新潟県 西蒲原郡味方村 味方
0%
新潟県 西蒲原郡味方村 味方中学前
0%
新潟県 西蒲原郡味方村 白根
0%
新潟県 西蒲原郡味方村 千日
0%
新潟県 西蒲原郡味方村 七穂
0%
新潟県 西蒲原郡味方村 吉江
0%
新潟県 西蒲原郡月潟村 月潟
0%
新潟県 西蒲原郡月潟村
0%
新潟県 東蒲原郡三川村 五十島
0%
新潟県 中頸城郡中郷村 二本木
0%
長野県 南佐久郡南牧村 海尻
0%
長野県 南佐久郡八千穂村 高岩
0%
長野県 南安曇郡三郷村 中萱
0%
長野県 南安曇郡三郷村 一日市場
0%
長野県 下水内郡豊田村 上今井
0%
長野県 下水内郡栄村 平滝
0%
長野県 下水内郡栄村 横倉
0%
岐阜県 郡上郡美並村 半在
0%
三重県 度会郡御薗村 宮町
0%
熊本県 阿蘇郡波野村 滝水
0%
熊本県 阿蘇郡白水村 阿蘇下田城ふれあい温泉
0%
熊本県 阿蘇郡白水村 加勢
0%
熊本県 阿蘇郡白水村 見晴台
0%
熊本県 八代郡坂本村 鎌瀬
0%
熊本県 八代郡坂本村 瀬戸石
0%
熊本県 球磨郡相良村 川村
0%
熊本県 球磨郡球磨村 那良口
0%
No matching quizzes found
Score Distribution
Percent of People with Each Score
Percentile by Number Answered
Your Score History
You have not taken this quiz